[Event "2BLW 1718 Aachener SV - SV Koblenz"]
[Site "?"]
[Date "2018.02.25"]
[Round "7.3"]
[White "Seul, Georg"]
[Black "Vandenbussche, Thibaut"]
[Result "1-0"]
[WhiteElo "2397"]
[BlackElo "2420"]
[PlyCount "127"]
[EventDate "2018.??.??"]

1. e4 d6 2. d4 Nf6 3. Nc3 e5 4. Nge2 Be7 5. h3 exd4 6. Qxd4 Nc6 7. Qd1 Ne5 8.
f4 Ng6 9. g3 c6 10. Bg2 O-O 11. a4 d5 12. exd5 cxd5 13. Be3 Re8 14. Qd3 Bb4 15.
O-O-O Bf5 16. Qxf5 Rxe3 17. Nxd5 Rxe2 18. Nxb4 Qe7 19. Nd5 Nxd5 20. Bxd5 Re3
21. Bb3 Nf8 22. Rd3 Re8 23. Rhd1 g6 24. Qd5 Rxd3 25. Qxd3 Ne6 26. Kb1 Rd8 27.
Qe2 Rxd1+ 28. Qxd1 Nc5 29. Qd5 b6 30. Ka2 Na6 31. c3 Nc5 32. h4 Ne4 33. g4 Nc5
34. g5 Qe8 35. a5 Qe7 36. axb6 axb6 37. Bc4 Qc7 38. Qd4 Qc6 39. Qd8+ Kg7 40.
Qd4+ Kg8 41. Bd5 Qd7 42. b4 Na4 43. Bc4 Qxd4 44. cxd4 Nc3+ 45. Kb3 Ne4 46. Bd3
Nd6 47. Kc3 Kg7 48. d5 f6 49. Kd4 h6 50. Ke3 hxg5 51. fxg5 Kf7 52. Kf4 f5 53.
h5 gxh5 54. Bxf5 h4 55. Bd3 h3 56. Kg3 b5 57. Kxh3 Nc4 58. Kg3 Ne3 59. Be4 Nd1
60. g6+ Kf6 61. d6 Nc3 62. Kf4 Ne2+ 63. Ke3 Ng3 64. d7 1-0

[Event "2BLW 1718 Aachener SV - SV Koblenz"]
[Site "?"]
[Date "2018.02.25"]
[Round "7.4"]
[White "Piceu, Tom"]
[Black "Fritsche, Lutz"]
[Result "1-0"]
[WhiteElo "2351"]
[BlackElo "2332"]
[PlyCount "75"]
[EventDate "2018.??.??"]

1. d4 g6 2. c4 Bg7 3. Nc3 Nf6 4. e4 d6 5. f4 O-O 6. Nf3 c5 7. d5 e6 8. Be2 exd5
9. cxd5 Bg4 10. O-O Nbd7 11. Re1 Re8 12. h3 Bxf3 13. Bxf3 a6 14. a4 Qc7 15. Be3
c4 16. Qe2 Rac8 17. Qf2 b6 18. Rab1 Qb8 19. g4 Nc5 20. Bxc5 Rxc5 21. g5 Nd7 22.
Bg4 Qc7 23. Rbd1 Qd8 24. e5 dxe5 25. Ne4 Rc7 26. d6 Ra7 27. f5 gxf5 28. Qxf5 b5
29. Rf1 Rf8 30. Rd2 Kh8 31. Qf2 Rb7 32. Qh4 f5 33. Bxf5 Qb6+ 34. Kh2 Rxf5 35.
Rxf5 Qe3 36. Rdf2 Rb8 37. Rf7 Nc5 38. Nxc5 1-0

[Event "2BLW 1718 Aachener SV - SV Koblenz"]
[Site "?"]
[Date "2018.02.25"]
[Round "7.5"]
[White "Hammes, Michael"]
[Black "Jackelen, Thomas"]
[Result "1/2-1/2"]
[WhiteElo "2334"]
[BlackElo "2403"]
[PlyCount "204"]
[EventDate "2018.??.??"]

1. d4 d5 2. c4 c6 3. Nc3 Nf6 4. Nf3 a6 5. c5 Bf5 6. Bf4 Nbd7 7. e3 Nh5 8. Bd3
Nxf4 9. exf4 Bg4 10. O-O g6 11. Be2 Bxf3 12. Bxf3 Bg7 13. Qd3 O-O 14. h4 e6 15.
g3 b6 16. b4 a5 17. a3 axb4 18. axb4 bxc5 19. bxc5 Qf6 20. Ne2 Nxc5 21. Qc2
Rxa1 22. Rxa1 Qe7 23. Rc1 Nb7 24. Qxc6 Nd6 25. Qa6 Nf5 26. Qb6 Qa3 27. Rc3 Qa1+
28. Rc1 Bxd4 29. Rxa1 Bxb6 30. h5 Rc8 31. hxg6 hxg6 32. Ra2 Kf8 33. Kg2 Rc4 34.
Rb2 Bc5 35. Ng1 Nd6 36. Nh3 Bd4 37. Ra2 Rb4 38. Kf1 Rb2 39. Rxb2 Bxb2 40. Be2
Ke7 41. Bd3 Kd7 42. Ke2 Kc6 43. Ng5 Kc5 44. Nf3 Bc3 45. Kd1 Kb4 46. Kc2 Bf6 47.
Kd2 Kb3 48. Bc2+ Kb2 49. Ba4 Ne4+ 50. Ke3 Kc3 51. Ke2 Bd4 52. Be8 Nd6 53. Bd7
Kc4 54. Ne1 Kc5 55. Nd3+ Kb6 56. Ba4 Kc7 57. Kf3 Kd8 58. Ke2 Ke7 59. Bc6 Ne4
60. Kf3 Bc3 61. Ke3 Ba5 62. Kf3 Bc7 63. Ke2 Nd6 64. Ba4 Nc4 65. Bc6 Nb6 66. Bb7
f6 67. Bc6 Bd6 68. Bb5 e5 69. fxe5 fxe5 70. f3 g5 71. g4 Na8 72. Bc6 Nc7 73.
Kd2 Ke6 74. Kc3 Be7 75. Nf2 Kd6 76. Ba4 Bf6 77. Kd3 Kc5 78. Bd7 Kd6 79. Bf5 Na6
80. Ke2 Nb4 81. Nd3 Nc6 82. Bh7 Bd8 83. Kf2 Bb6+ 84. Kg2 Be3 85. Bg6 Ne7 86.
Bh7 Bd4 87. Kf1 Kc6 88. Ke2 Kb5 89. Kd2 Kc4 90. Ke2 Kc3 91. Ne1 Bc5 92. Nd3 Kd4
93. Nf2 Nc6 94. Nh3 Be7 95. Nf2 Kc3 96. Nd1+ Kd4 97. Nf2 Nd8 98. Bg8 Nb7 99.
Nd1 e4 100. Ne3 exf3+ 101. Kxf3 Ke5 102. Nxd5 Bd8 1/2-1/2

[Event "2BLW 1718 Aachener SV - SV Koblenz"]
[Site "?"]
[Date "2018.02.25"]
[Round "7.6"]
[White "Sonntag, Hans-Hubert"]
[Black "Doncevic, Dario"]
[Result "1/2-1/2"]
[WhiteElo "2344"]
[BlackElo "2262"]
[PlyCount "20"]
[EventDate "2018.??.??"]

1. d4 Nf6 2. Nf3 g6 3. Bf4 Bg7 4. e3 c5 5. c3 b6 6. Be2 Bb7 7. h3 O-O 8. O-O d6
9. Nbd2 Nbd7 10. a4 a6 1/2-1/2

[Event "2BLW 1718 Aachener SV - SV Koblenz"]
[Site "?"]
[Date "2018.02.25"]
[Round "7.7"]
[White "Wolf, Volker"]
[Black "Klein, Felix"]
[Result "1/2-1/2"]
[WhiteElo "2324"]
[BlackElo "2311"]
[PlyCount "47"]
[EventDate "2018.??.??"]

1. e4 c5 2. Nf3 e6 3. d4 cxd4 4. Nxd4 a6 5. Nc3 Qc7 6. g3 Bb4 7. Nde2 Nf6 8.
Bg2 O-O 9. O-O Be7 10. a4 Nc6 11. Nd4 d6 12. Re1 Bd7 13. Nxc6 Bxc6 14. a5 b6
15. axb6 Qxb6 16. Nd5 exd5 17. exd5 Nxd5 18. Bxd5 Bxd5 19. Qxd5 Bf6 20. Rb1
Rfe8 21. Be3 Qc7 22. c3 Rab8 23. Red1 Rb5 24. Qxd6 1/2-1/2

[Event "2BLW 1718 Aachener SV - SV Koblenz"]
[Site "?"]
[Date "2018.02.25"]
[Round "7.8"]
[White "Begnis, Nikolaos"]
[Black "Repplinger, Marc"]
[Result "1/2-1/2"]
[WhiteElo "2268"]
[BlackElo "2207"]
[PlyCount "43"]
[EventDate "2018.??.??"]

1. e4 c5 2. Nf3 d6 3. d4 cxd4 4. Nxd4 Nf6 5. Nc3 g6 6. Be3 Bg7 7. f3 Nc6 8. Qd2
O-O 9. Bc4 Nxd4 10. Bxd4 Be6 11. Bb3 Qa5 12. O-O-O Rfc8 13. Kb1 b5 14. Bxf6
Bxf6 15. Nd5 Qxd2 16. Nxf6+ Kg7 17. Nh5+ gxh5 18. Rxd2 Rc5 19. Re1 Kf6 20. Re3
Rg8 21. f4 h4 22. c3 1/2-1/2

[Event "2BLW 1718 SG Solingen - DJK Aachen"]
[Site "?"]
[Date "2018.02.25"]
[Round "7.1"]
[White "Pruijssers, Roeland"]
[Black "Wegerle, Joerg"]
[Result "1/2-1/2"]
[WhiteElo "2523"]
[BlackElo "2420"]
[PlyCount "57"]
[EventDate "2018.??.??"]

1. e4 e5 2. Nf3 Nf6 3. Nxe5 d6 4. Nf3 Nxe4 5. d4 d5 6. Bd3 Bf5 7. O-O Be7 8.
Re1 O-O 9. Nbd2 Nd6 10. Nf1 c6 11. Ng3 Bxd3 12. Qxd3 Na6 13. Bd2 Re8 14. b3 Bf6
15. Rxe8+ Nxe8 16. Re1 g6 17. h4 Nac7 18. h5 Ng7 19. Ne5 Bxe5 20. Rxe5 Qd7 21.
Bg5 Re8 22. Bf6 Rxe5 23. Bxe5 Nce8 24. Qf3 Qe7 25. Bxg7 Nxg7 26. hxg6 hxg6 27.
Qf4 Ne6 28. Qb8+ Kg7 29. Qe5+ {(=)} 1/2-1/2

[Event "2BLW 1718 SG Solingen - DJK Aachen"]
[Site "?"]
[Date "2018.02.25"]
[Round "7.2"]
[White "Schaefer, Markus"]
[Black "Dambacher, Martijn"]
[Result "0-1"]
[WhiteElo "2395"]
[BlackElo "2483"]
[PlyCount "106"]
[EventDate "2018.??.??"]

1. e4 c5 2. Nf3 d6 3. d4 cxd4 4. Nxd4 Nf6 5. Nc3 a6 6. Bg5 e6 7. Qf3 Be7 8. Be2
Qc7 9. O-O Nbd7 10. Qg3 b5 11. a3 Bb7 12. Bd3 O-O 13. Kh1 Nh5 14. Qh4 Bxg5 15.
Qxg5 Qc5 16. Qe3 Nhf6 17. Be2 Rac8 18. f3 Ne5 19. Qd2 Rfd8 20. Rad1 Nc4 21.
Bxc4 Qxc4 22. Nce2 Qc7 23. Qe3 Qb6 24. c3 e5 25. Nf5 Qxe3 26. Nxe3 d5 27. exd5
Nxd5 28. Nxd5 Bxd5 29. Nc1 Bc4 30. Rfe1 f5 31. Kg1 Kf7 32. Kf2 Kf6 33. Rxd8
Rxd8 34. b3 Bf7 35. Ke2 f4 36. Rd1 Rxd1 37. Kxd1 Kf5 38. Kd2 g5 39. Nd3 Bxb3
40. Nc5 Bd5 41. Nxa6 g4 42. Nc7 gxf3 43. gxf3 Bxf3 44. Nxb5 Bc6 45. c4 Kg4 46.
Na7 Bb7 47. c5 e4 48. Nb5 Kf3 49. Ke1 Kg2 50. Nc3 e3 51. Nd1 Kxh2 52. Nb2 f3
53. Nd1 f2+ 0-1

[Event "2BLW 1718 SG Solingen - DJK Aachen"]
[Site "?"]
[Date "2018.02.25"]
[Round "7.3"]
[White "Van Dooren, Dirk"]
[Black "Schlecht, Daniel"]
[Result "1/2-1/2"]
[WhiteElo "2343"]
[BlackElo "2381"]
[PlyCount "67"]
[EventDate "2018.??.??"]

1. e4 c6 2. d3 d5 3. Nd2 e5 4. Ngf3 Bd6 5. d4 exd4 6. Bd3 Ne7 7. O-O O-O 8. Re1
Ng6 9. exd5 cxd5 10. Nb3 Nc6 11. h3 Bc7 12. Nbxd4 Nxd4 13. Nxd4 Qd6 14. Nf3 Bd7
15. Be3 Rae8 16. Bd4 Rxe1+ 17. Qxe1 Re8 18. Qd1 Nh4 19. g3 Nf5 20. Qd2 Nxd4 21.
Nxd4 Bxh3 22. Nb5 Qb6 23. Re1 Rxe1+ 24. Qxe1 Be6 25. Nxc7 Qxc7 26. Qe3 b6 27.
Qd4 a5 28. a3 Qd6 29. Qh4 h6 30. Qd4 Kf8 31. Kg2 Kg8 32. Kg1 Kf8 33. Kg2 Kg8
34. Kg1 1/2-1/2

[Event "2BLW 1718 SG Solingen - DJK Aachen"]
[Site "?"]
[Date "2018.02.25"]
[Round "7.4"]
[White "Berg, Michael"]
[Black "Buscher, Michael"]
[Result "1-0"]
[WhiteElo "2329"]
[BlackElo "2394"]
[PlyCount "55"]
[EventDate "2018.??.??"]

1. c4 Nf6 2. Nf3 e6 3. d4 c5 4. d5 b5 5. Bg5 exd5 6. cxd5 h6 7. Bxf6 Qxf6 8.
Qc2 d6 9. e4 a6 10. a4 b4 11. Nbd2 Nd7 12. Nc4 g5 13. Bd3 Bg7 14. O-O O-O 15.
Rfe1 Re8 16. Re3 g4 17. e5 dxe5 18. Nfd2 Rf8 19. Ne4 Qd8 20. Ned6 Nb6 21. Nxb6
Qxb6 22. Nc4 Qb8 23. Rae1 b3 24. Bh7+ Kh8 25. Rxb3 Qc7 26. d6 Qd8 27. Bf5 Qg5
28. d7 1-0

[Event "2BLW 1718 SG Solingen - DJK Aachen"]
[Site "?"]
[Date "2018.02.25"]
[Round "7.5"]
[White "Braga, Fernando"]
[Black "Gupta, Milon"]
[Result "1/2-1/2"]
[WhiteElo "2400"]
[BlackElo "2215"]
[PlyCount "116"]
[EventDate "2018.??.??"]

1. c4 e6 2. Nf3 d5 3. g3 Nf6 4. Bg2 dxc4 5. O-O a6 6. a4 Nc6 7. Na3 Na5 8. Qc2
Bd6 9. Nxc4 Nxc4 10. Qxc4 e5 11. d4 exd4 12. Nxd4 O-O 13. e4 Re8 14. Re1 c5 15.
Nc2 Be6 16. Qc3 Be7 17. a5 Qd7 18. Ne3 Rad8 19. Nc4 Qd4 20. Nb6 Nd7 21. Bf4
Nxb6 22. axb6 Rd7 23. Qc1 Qb4 24. Bc7 Bd8 25. Rd1 Rxd1+ 26. Qxd1 Bxc7 27. bxc7
Qb6 28. e5 Qxc7 29. Qd6 Rc8 30. Rd1 g6 31. Qxc7 Rxc7 32. Rd6 b5 33. Rxa6 b4 34.
Ra8+ Kg7 35. Kf1 c4 36. Ke1 c3 37. bxc3 Rxc3 38. Rb8 b3 39. Be4 Rc1+ 40. Kd2
Rf1 41. Ke2 Ra1 42. Ke3 Ra2 43. h4 h5 44. Rb6 Ra5 45. Kd4 Ra1 46. Bd3 Ra2 47.
Ke3 Ra5 48. Kd4 Rd5+ 49. Ke4 Rd7 50. Ke3 Rd8 51. Be4 Rd1 52. Bd3 Re1+ 53. Kd4
Kh6 54. Rb8 Kg7 55. Rb6 Kf8 56. Rb8+ Ke7 57. Bb5 Rd1+ 58. Ke3 Rd8 1/2-1/2

[Event "2BLW 1718 SG Solingen - DJK Aachen"]
[Site "?"]
[Date "2018.02.25"]
[Round "7.6"]
[White "Michalczak, Thomas"]
[Black "Skulener, Wladimir"]
[Result "1/2-1/2"]
[WhiteElo "2283"]
[BlackElo "2391"]
[PlyCount "21"]
[EventDate "2018.??.??"]

1. e4 e6 2. d4 d5 3. Nc3 Nf6 4. e5 Nfd7 5. f4 c5 6. Nf3 Nc6 7. Be3 Qb6 8. Na4
Qa5+ 9. c3 b6 10. Bd2 c4 11. b4 {(=)} 1/2-1/2

[Event "2BLW 1718 SG Solingen - DJK Aachen"]
[Site "?"]
[Date "2018.02.25"]
[Round "7.7"]
[White "Marcziter, Dmitrii"]
[Black "Wickenfeld, Stefan"]
[Result "0-1"]
[WhiteElo "2277"]
[BlackElo "2183"]
[PlyCount "84"]
[EventDate "2018.??.??"]

1. d4 d5 2. c4 c6 3. Nf3 Nf6 4. Nc3 e6 5. Bg5 Be7 6. e3 O-O 7. cxd5 cxd5 8. Bd3
b6 9. Ne5 Bb7 10. Qc2 h6 11. Bh4 Nfd7 12. Bg3 Nxe5 13. dxe5 Nc6 14. O-O Nb4 15.
Qe2 Nxd3 16. Qxd3 Qc8 17. Rfc1 Ba6 18. Qd2 Qc4 19. h3 Rac8 20. f3 Rfd8 21. Bf2
Bb4 22. a3 Be7 23. b4 Qd3 24. Qb2 Rc4 25. Na2 Rdc8 26. Rxc4 Rxc4 27. Rc1 f6 28.
a4 Rxc1+ 29. Qxc1 Bc4 30. Nc3 Bxb4 31. Nb5 fxe5 32. Nxa7 Bd2 33. Qd1 Bb3 34.
Qa1 Bxe3 35. Bxe3 Qxe3+ 36. Kh1 d4 37. Qa3 Qc3 38. Nb5 Qc2 39. a5 bxa5 40. Qxa5
d3 41. Qd8+ Kh7 42. Nd6 d2 0-1

[Event "2BLW 1718 SG Solingen - DJK Aachen"]
[Site "?"]
[Date "2018.02.25"]
[Round "7.8"]
[White "Zolfagharian, Kevin"]
[Black "van Dael, Siem"]
[Result "1/2-1/2"]
[WhiteElo "2158"]
[BlackElo "2277"]
[PlyCount "58"]
[EventDate "2018.??.??"]

1. e4 c5 2. Nf3 d6 3. d4 cxd4 4. Nxd4 Nf6 5. Nc3 g6 6. Be3 Bg7 7. Be2 O-O 8. f4
Nc6 9. O-O Qb6 10. Qd3 Ng4 11. Bxg4 Bxd4 12. Nd5 Bxe3+ 13. Qxe3 Qxb2 14. Bxc8
Rfxc8 15. f5 Kg7 16. c3 Qb5 17. Nxe7 Nxe7 18. f6+ Kh8 19. Qh6 Rg8 20. Rf3 Qh5
21. Qxh5 gxh5 22. fxe7 Rae8 23. Rxf7 Rg7 24. Rf8+ Rg8 25. Raf1 Rxe7 26. R1f7
Rxe4 27. Rxg8+ Kxg8 28. Rxb7 Ra4 29. Rb2 Kf7 {(=)} 1/2-1/2

[Event "2BLW 1718 Klub Kölner Schachfreunde - T"]
[Site "?"]
[Date "2018.02.25"]
[Round "7.1"]
[White "Lobron, Eric"]
[Black "Strohhaeker, Raoul"]
[Result "0-1"]
[WhiteElo "2510"]
[BlackElo "2440"]
[PlyCount "62"]
[EventDate "2018.??.??"]

1. e4 c5 2. Nf3 e6 3. b3 Nc6 4. Bb2 d5 5. exd5 exd5 6. Bb5 Nf6 7. Qe2+ Be6 8.
Ne5 Qc7 9. f4 Bd6 10. Bxc6+ bxc6 11. O-O O-O 12. d3 d4 13. Nd2 Nd5 14. Ne4 Be7
15. Qf2 Ne3 16. Rfe1 f5 17. Ng3 Bd5 18. Rxe3 dxe3 19. Qxe3 Rae8 20. c4 Be6 21.
Nf1 Bd6 22. Nd2 Re7 23. Ndf3 Bf7 24. Bc3 Bh5 25. Nh4 g5 26. Qg3 Rg7 27. fxg5
Re7 28. Re1 f4 29. Qh3 Bxe5 30. Rxe5 Rxe5 31. g6 hxg6 0-1

[Event "2BLW 1718 Klub Kölner Schachfreunde - T"]
[Site "?"]
[Date "2018.02.25"]
[Round "7.2"]
[White "Morawietz, Dieter"]
[Black "Dann, Matthias"]
[Result "0-1"]
[WhiteElo "2420"]
[BlackElo "2528"]
[PlyCount "104"]
[EventDate "2018.??.??"]

1. e4 c5 2. Nf3 d6 3. d4 cxd4 4. Nxd4 Nf6 5. Nc3 a6 6. Be2 e5 7. Nb3 Be7 8. O-O
O-O 9. Qd3 Be6 10. Bd2 Nbd7 11. Nd5 Bxd5 12. exd5 Nc5 13. Nxc5 dxc5 14. c4 e4
15. Qh3 Re8 16. f4 Qd7 17. Qxd7 Nxd7 18. Bg4 Nf6 19. Bh3 b5 20. b3 h5 21. Rfe1
Bd6 22. g3 Ng4 23. Bf1 b4 24. a3 a5 25. axb4 cxb4 26. h3 Nh6 27. Kg2 Nf5 28.
Be2 h4 29. g4 e3 30. Bc3 bxc3 31. gxf5 Re4 32. Bd3 Rd4 33. Rxe3 Rb8 34. Rxa5 c2
35. Bxc2 Rd2+ 36. Kf3 Rxc2 37. Kg4 Rg2+ 38. Kf3 Rg3+ 39. Ke2 Bxf4 40. Rf3 Re8+
41. Kf2 Be3+ 42. Rxe3 Rgxe3 43. d6 Rxh3 44. c5 Rd3 45. b4 Rd2+ 46. Kf3 h3 47.
Ra1 h2 48. Rh1 f6 49. Kg3 Re3+ 50. Kf4 Rh3 51. Ke4 Rh4+ 52. Ke3 Rd5 0-1

[Event "2BLW 1718 Klub Kölner Schachfreunde - T"]
[Site "?"]
[Date "2018.02.25"]
[Round "7.3"]
[White "Balcerak, Jakob"]
[Black "Wacker, Peter"]
[Result "1-0"]
[WhiteElo "2468"]
[BlackElo "2306"]
[PlyCount "60"]
[EventDate "2018.??.??"]

1. d4 d5 2. c4 e6 3. Nf3 Nf6 4. g3 Bb4+ 5. Bd2 Bd6 6. Bg2 O-O 7. O-O c6 8. Qc2
Ne4 9. Nc3 f5 10. c5 Bc7 11. Bf4 Bxf4 12. gxf4 Nd7 13. e3 Ndf6 14. Ne2 Qe7 15.
Ne5 Nd7 16. b4 Nef6 17. Rab1 Nxe5 18. dxe5 Ne8 19. b5 cxb5 20. Rxb5 Nc7 21. Rb2
Na6 22. Rc1 Nb8 23. Nd4 a6 24. Rb6 Re8 25. Qb3 Kh8 26. Kh1 Qc7 27. Rd6 Bd7 28.
Qb1 Qxc5 29. Qxb7 Qa7 30. Qxa7 Rxa7 1-0

[Event "2BLW 1718 Klub Kölner Schachfreunde - T"]
[Site "?"]
[Date "2018.02.25"]
[Round "7.4"]
[White "Helbig, Mark"]
[Black "Bewersdorff, Oliver"]
[Result "1-0"]
[WhiteElo "2346"]
[BlackElo "2322"]
[PlyCount "103"]
[EventDate "2018.??.??"]

1. d4 Nf6 2. c4 g6 3. Nf3 Bg7 4. g3 O-O 5. Bg2 c6 6. O-O d5 7. cxd5 cxd5 8. Ne5
e6 9. Nc3 Nfd7 10. f4 f6 11. Nd3 Nc6 12. Be3 Nb6 13. b3 Bd7 14. Rc1 Qe7 15. Kh1
Nc8 16. Nc5 Nd6 17. Bg1 f5 18. e3 Rac8 19. Qe2 b6 20. Nxd7 Qxd7 21. Rfd1 Rc7
22. Bf2 Rfc8 23. Be1 Ne7 24. Qb2 Kh8 25. Bf1 Rb8 26. a4 Bf8 27. Ba6 Ng8 28. Nb5
Nxb5 29. Bxb5 Qd8 30. Rxc7 Qxc7 31. Rc1 Qd8 32. Qc3 Bd6 33. Qc6 Nf6 34. h3 Kg7
35. Kg2 h6 36. Rc2 a5 37. Kf3 h5 38. Ba6 Kf7 39. Bd3 Qe7 40. Ke2 Ne8 41. Kf3
Nf6 42. Bb5 Kg7 43. Ba6 Kf7 44. Bd3 Kg7 45. Qb5 Kf7 46. Rc6 Nd7 47. h4 Rb7 48.
Bxa5 Bc7 49. Bb4 Qd8 50. Rxe6 Kxe6 51. Qc6+ Kf7 52. Qxd5+ 1-0

[Event "2BLW 1718 Klub Kölner Schachfreunde - T"]
[Site "?"]
[Date "2018.02.25"]
[Round "7.5"]
[White "Gohil, Harry"]
[Black "Bayer, Ernst-Wolfgang"]
[Result "1-0"]
[WhiteElo "2226"]
[BlackElo "2261"]
[PlyCount "57"]
[EventDate "2018.??.??"]

1. d4 f5 2. Bg5 g6 3. Nc3 Bg7 4. e4 fxe4 5. Nxe4 d5 6. Nc3 Nh6 7. Qd2 Nf7 8.
Bf4 c6 9. h4 Nd7 10. Nf3 Nf6 11. Bd3 Bf5 12. Ng5 Nxg5 13. hxg5 Ne4 14. Bxe4
dxe4 15. Be5 Bxe5 16. dxe5 Qa5 17. O-O-O Qxe5 18. Qe3 O-O 19. f3 Qe6 20. Rhe1
Qe5 21. g4 Bc8 22. Nxe4 Qe6 23. Nc3 Qf7 24. Rd3 e6 25. Ne4 Qe7 26. Nf6+ Rxf6
27. gxf6 Qxf6 28. Qe5 Qf7 29. Rd8+ 1-0

[Event "2BLW 1718 Klub Kölner Schachfreunde - T"]
[Site "?"]
[Date "2018.02.25"]
[Round "7.6"]
[White "Ludwig, Peter"]
[Black "Lisanti, Andre"]
[Result "1/2-1/2"]
[WhiteElo "2176"]
[BlackElo "2230"]
[PlyCount "184"]
[EventDate "2018.??.??"]

1. Nf3 c5 2. c4 b6 3. g3 Bb7 4. Bg2 g6 5. O-O Bg7 6. Nc3 Qc8 7. b3 Bxc3 8. dxc3
Nf6 9. Bh6 Ne4 10. Qc2 f6 11. Rad1 Nd6 12. Rxd6 exd6 13. Bg7 Rg8 14. Bxf6 Rf8
15. Bg7 Rf7 16. Bh6 Qc6 17. Nh4 Qc7 18. Bxb7 Qxb7 19. Rd1 Rf6 20. Bf4 Nc6 21.
Rxd6 Rxd6 22. Bxd6 O-O-O 23. Ng2 Na5 24. Ne3 Qc6 25. Bf4 Qe6 26. Qd3 Re8 27. b4
Nb7 28. Qd1 Qc6 29. f3 cxb4 30. cxb4 Nd8 31. Kf2 Ne6 32. Bd6 a6 33. Qd3 b5 34.
c5 Nc7 35. h4 Re6 36. Qd4 Ne8 37. Bf4 d6 38. cxd6 Nxd6 39. Qh8+ Qe8 40. Qxh7
Re7 41. Qh6 Nf5 42. Qg5 Kb7 43. g4 Nxe3 44. Bxe3 Re5 45. Qf4 Qe7 46. g5 Kc8 47.
Qd4 Qe6 48. Qd3 Rd5 49. Qc3+ Kd7 50. Bf4 Ke8 51. Qh8+ Ke7 52. h5 Qf7 53. Be5
gxh5 54. Bf6+ Ke6 55. Qc8+ Qd7 56. Qxa6+ Qd6 57. Qc8+ Kf7 58. Qb7+ Ke6 59. Qc8+
Kf7 60. Qc2 Qh2+ 61. Ke3 Qg1+ 62. Ke4 Rd7 63. Qb3+ Kf8 64. Qe6 Qb1+ 65. Ke5 Qd1
66. e4 Qd4+ 67. Kf5 Qa7 68. g6 h4 69. Bxh4 Qc7 70. Bf6 Qb7 71. g7+ Rxg7 72.
Bxg7+ Kxg7 73. Qg6+ Kh8 74. Qf6+ Kh7 75. f4 Qc8+ 76. Kg5 Qg8+ 77. Kf5 Qc8+ 78.
Qe6 Qf8+ 79. Ke5 Qxb4 80. f5 Qc3+ 81. Kd6 b4 82. f6 Qa3 83. Kd7 Qa7+ 84. Ke8
Qa8+ 85. Kf7 Qa7+ 86. Qe7 Qxa2+ 87. Kf8+ Kh6 88. Qxb4 Kg6 89. Qe7 Qa8+ 90. Qe8+
Qxe8+ 91. Kxe8 Kxf6 92. e5+ Kxe5 1/2-1/2

[Event "2BLW 1718 Klub Kölner Schachfreunde - T"]
[Site "?"]
[Date "2018.02.25"]
[Round "7.7"]
[White "Kienast, Joerg"]
[Black "Bonnmann, Reinhard"]
[Result "0-1"]
[WhiteElo "2222"]
[BlackElo "2234"]
[PlyCount "124"]
[EventDate "2018.??.??"]

1. e4 c5 2. Nf3 Nc6 3. c3 d5 4. exd5 Qxd5 5. d4 Nf6 6. Be2 e6 7. O-O cxd4 8.
cxd4 Be7 9. Nc3 Qd6 10. Bg5 O-O 11. Qd2 b6 12. Rad1 Bb7 13. a3 Nd5 14. Ne4 Qc7
15. Bd3 Rad8 16. Bb1 Bxg5 17. Qxg5 Qf4 18. Qh5 Qh6 19. Qxh6 gxh6 20. Ne5 f6 21.
Nxc6 Bxc6 22. Rfe1 f5 23. Nc3 Nxc3 24. bxc3 Bd5 25. Bd3 Kf7 26. Re5 Rc8 27. Rc1
Rg8 28. g3 Rgd8 29. c4 Bb7 30. d5 Bxd5 31. Rce1 Bc6 32. Be2 Rd6 33. c5 bxc5 34.
Bc4 Bd5 35. Bxd5 Rxd5 36. Rxe6 Rc7 37. Rxh6 Kg7 38. Rhe6 Kf7 39. Rh6 Kg7 40.
Rhe6 c4 41. Re7+ Rxe7 42. Rxe7+ Kf6 43. Rc7 Ra5 44. Rxc4 Rxa3 45. Kf1 Ra2 46.
f4 Ke6 47. Rd4 a5 48. h3 h5 49. Ke1 a4 50. Rd3 Rb2 51. Ra3 Rb4 52. Kd2 Kd5 53.
Re3 Re4 54. Rc3 h4 55. g4 fxg4 56. hxg4 Rxf4 57. g5 Rg4 58. Rh3 Ke5 59. Rc3 Kf5
60. Rc5+ Kg6 61. Ke3 a3 62. Ra5 h3 0-1

[Event "2BLW 1718 Klub Kölner Schachfreunde - T"]
[Site "?"]
[Date "2018.02.25"]
[Round "7.8"]
[White "Wisskirchen, Andreas"]
[Black "Siebenhaar, Erich"]
[Result "1/2-1/2"]
[WhiteElo "2213"]
[BlackElo "2051"]
[PlyCount "24"]
[EventDate "2018.??.??"]

1. Nf3 g6 2. d4 Bg7 3. g3 Nf6 4. Bg2 O-O 5. O-O d6 6. c4 Nc6 7. Nc3 a6 8. d5
Na5 9. Qd3 c5 10. e4 Rb8 11. Qe2 b5 12. e5 Ng4 {(=)} 1/2-1/2

[Event "2BLW 1718 SC Hansa Dortmund - DJK Aache"]
[Site "?"]
[Date "2018.03.18"]
[Round "8.1"]
[White "Dambacher, Martijn"]
[Black "Heberla, Bartlomiej"]
[Result "1/2-1/2"]
[WhiteElo "2491"]
[BlackElo "2570"]
[PlyCount "85"]
[EventDate "2018.??.??"]

1. d4 d5 2. c4 e6 3. Nc3 a6 4. cxd5 exd5 5. Bf4 Nf6 6. e3 Bd6 7. Bg5 Be6 8. Bd3
Nbd7 9. Nge2 h6 10. Bh4 O-O 11. Qd2 b5 12. Nf4 c6 13. O-O Qb8 14. Bg3 c5 15.
dxc5 Nxc5 16. Rad1 Qb6 17. Bc2 Rad8 18. b4 Nce4 19. Nxe4 Nxe4 20. Bxe4 Bxf4 21.
Bf3 Bxg3 22. hxg3 d4 23. exd4 Bd5 24. Rfe1 Qf6 25. Re3 Rd6 26. Qe2 Bc4 27. Qd2
Bd5 28. Bxd5 Rxd5 29. Re4 Rfd8 30. Qe3 Qc6 31. Rc1 Qd6 32. Re8+ Kh7 33. Rxd8
Qxd8 34. Qe4+ f5 35. Qe6 Qd6 36. Qxd6 Rxd6 37. Rd1 Kg6 38. f3 Kf6 39. Kf2 a5
40. bxa5 Ra6 41. Rd3 Rxa5 42. a3 Ra4 43. Ke3 {(=)} 1/2-1/2

[Event "2BLW 1718 SC Hansa Dortmund - DJK Aache"]
[Site "?"]
[Date "2018.03.18"]
[Round "8.2"]
[White "Klyuner, Vyacheslav"]
[Black "Van Dooren, Dirk"]
[Result "1/2-1/2"]
[WhiteElo "2435"]
[BlackElo "2343"]
[PlyCount "93"]
[EventDate "2018.??.??"]

1. e4 e6 2. d3 d5 3. Nd2 c5 4. Ngf3 Nc6 5. g3 g6 6. Bg2 Bg7 7. O-O Nge7 8. c3
b6 9. Re1 h6 10. exd5 Nxd5 11. Nc4 Qc7 12. Qe2 O-O 13. Nfe5 Nxe5 14. Nxe5 Bb7
15. h4 Rad8 16. a4 Ne7 17. Bf4 Qc8 18. Bxb7 Qxb7 19. a5 Nc6 20. Nxc6 Qxc6 21.
axb6 axb6 22. Ra7 Rd7 23. Rxd7 Qxd7 24. Qe3 h5 25. Qe4 Rd8 26. Bg5 Rb8 27. Ra1
b5 28. Ra8 Rxa8 29. Qxa8+ Kh7 30. Qd8 Qa7 31. Bf6 Qa1+ 32. Kg2 Qxb2 33. g4 Qe2
34. g5 Qg4+ 35. Kf1 Qxh4 36. Qe7 Qh1+ 37. Ke2 Qa8 38. Qxf7 Qf8 39. Qxe6 b4 40.
cxb4 cxb4 41. Kd2 b3 42. Kc3 Qa3 43. Qd7 Qf8 44. Qe6 Qa3 45. Qd7 Qf8 46. Qe6
Qa3 47. Qd7 1/2-1/2

[Event "2BLW 1718 SC Hansa Dortmund - DJK Aache"]
[Site "?"]
[Date "2018.03.18"]
[Round "8.3"]
[White "Buscher, Michael"]
[Black "Mainka, Romuald"]
[Result "1/2-1/2"]
[WhiteElo "2392"]
[BlackElo "2411"]
[PlyCount "92"]
[EventDate "2018.??.??"]

1. e4 c5 2. Nf3 e6 3. c3 Nf6 4. e5 Nd5 5. d4 cxd4 6. cxd4 d6 7. a3 Bd7 8. Bd3
Bc6 9. O-O Nd7 10. Re1 Be7 11. Nc3 dxe5 12. Nxd5 Bxd5 13. dxe5 O-O 14. Be4 Bxe4
15. Rxe4 Nxe5 16. Rd4 Nxf3+ 17. gxf3 Qb6 18. Be3 Qxb2 19. Rb1 Qxa3 20. Rxb7 Bf6
21. Ra4 Qc3 22. Raxa7 Rxa7 23. Rxa7 Rd8 24. Qa4 h5 25. Qe4 h4 26. Kg2 g6 27.
Qf4 g5 28. Qg4 Qe5 29. f4 Qe4+ 30. Kh3 Rd3 31. fxg5 Rxe3+ 32. fxe3 Qxe3+ 33.
Kxh4 Qf2+ 34. Qg3 Qd4+ 35. Kh3 Be5 36. Ra8+ Kg7 37. Qf3 Qd2 38. Qg2 Qd3+ 39.
Kh4 Qh7+ 40. Kg4 Qf5+ 41. Kh4 Bxh2 42. Ra4 Be5 43. Qg4 Qf2+ 44. Kh5 Qh2+ 45.
Qh4 Qc2 46. Qe4 Qh2+ 1/2-1/2

[Event "2BLW 1718 SC Hansa Dortmund - DJK Aache"]
[Site "?"]
[Date "2018.03.18"]
[Round "8.4"]
[White "Wegener, Olaf"]
[Black "Lenaerts, Lennert"]
[Result "0-1"]
[WhiteElo "2432"]
[BlackElo "2331"]
[PlyCount "72"]
[EventDate "2018.??.??"]

1. e4 e5 2. Nf3 Nc6 3. Bb5 g6 4. c3 d6 5. d4 Bd7 6. O-O Bg7 7. Re1 Nf6 8. Nbd2
O-O 9. Nf1 Nxd4 10. Nxd4 exd4 11. Bxd7 Qxd7 12. cxd4 c6 13. Ng3 d5 14. e5 Ne8
15. f4 f5 16. b4 Nc7 17. Bd2 Ne6 18. Ne2 Rfc8 19. Qb3 Bf8 20. a4 b6 21. Red1
Rab8 22. Be1 a5 23. bxa5 bxa5 24. Qa2 Bb4 25. Bf2 Rb6 26. Rac1 Qb7 27. Rc2 Rb8
28. Rdc1 Kf7 29. Be3 Be7 30. Kf2 Nd8 31. Bd2 Bb4 32. Be3 Be7 33. Bd2 Qa6 34.
Be3 Rb3 35. Rd2 Ra3 36. Qc2 Rbb3 0-1